Historia mínima de la literatura mexicana del siglo XIX /

Salvato in:
Dettagli Bibliografici
Autore principale: Domínguez Michael, Christopher (autor)
Natura: Libro
Lingua:spagnolo
Pubblicazione: México : El Colegio de México, 2019, c2019
Serie:(Historias Mínimas)
(Historia Mínima El Colegio de México)
Soggetti:
Tags: Aggiungi Tag
Nessun Tag, puoi essere il primo ad aggiungerne!!

MARC

LEADER 00000nam^a2200000^a^4500
001 000627172
005 20260203000000.0
009 20260310134048.925
020 |a 978-607-628-925-9 
037 |a Acervo ITESO - Biblioteca 
041 |a ESP 
082 |a 860. 97204  |b DOM 
100 |a Domínguez Michael, Christopher  |e (autor) 
245 1 0 |a Historia mínima de la literatura mexicana del siglo XIX /  |c C. Domínguez Michael. 
246 2 |a Título en la cubierta: La literatura mexicana del siglo XIX 
264 4 |a México :  |b El Colegio de México,  |c 2019, c2019 
300 |a 319 p. 
336 |a texto  |b txt  |2 rdacontenido 
337 |a sin mediación  |b n  |2 rdamedio 
338 |a volumen  |b nc  |2 rdasoporte 
440 1 |a (Historias Mínimas) 
440 1 |a (Historia Mínima El Colegio de México) 
521 |a FIL 2025 DIA 
649 |a XX 
650 |a Periodismo -  |z México -  |x Historia -  |y Siglo XIX 
650 |a Romanticismo (Literatura) -  |z México -  |x Historia y Crítica 
650 |a Modernismo (Literatura) -  |z México -  |x Historia y Crítica 
650 |a Literatura Costumbrista -  |z México -  |x Historia y Crítica 
650 |a Literatura y Periodismo -  |z México -  |x Historia y Crítica 
650 |a Literatura Mexicana -  |x Historia y Crítica -  |x Tema Principal 
650 |a Literatura Mexicana -  |y Siglo XIX 
910 |a Fondo General 
920 |a Impresos - Libros 
930 |a Colección General 
940 |a Literatura 
905 |a 101 
901 |a 627172-10  |b IT1  |c LIT  |i C192118  |u 20260203 
902 |a https://opac.biblio.iteso.mx/vufind/Record/000627172